000 00490nam a2200181Ia 4500
008 131103s9999 xx 000 0 und d
040 _aLoreto College
041 _aEnglish
082 _a823.91/CHE
_bLCBED/8652
100 _aChesterton, G.K.
245 4 _aThe penguin complete father brown
_cG.K. Chesterton
260 _aLondon
_bPenguin
_c1981
300 _a718p.
_c 18cm.
650 _aEnglish fiction
651 _aEnglish literature
850 _aLCBED/823.91/CHE
942 _cBK
999 _c32155
_d82634